000 00421nam a2200169Ia 4500
005 20260330112706.0
008 260330s9999||||xx |||||||||||||| ||und||
020 _a9789585867123
041 _aspa
100 _aSegura, Rene/
245 0 _aEl Desierto De Los Payasos /
_cRene/ Segura
250 _a1 ed.
260 _aBogota :
_bAnimal Extinto Editorial.
_c2015
300 _a62 p.
650 _aCUENTO
942 _cBKL
999 _c1748
_d1748